000 00602nas a2200181 a 4500
001 000037547
005 20200930080429.0
008 120425c19849999dr br1pdd 0 0spa d
040 _aDO-SdBNP
_bspa
_cBNPHU
043 _anwdr
245 0 0 _aCuadernos de poética.
260 _aSanto Domingo :
_bColectivo de Estudios Poéticos.
300 _av.- :
_bil. ;
_c29 cm.
310 _aBimestral
362 1 _aAño 2. no. 4 (sep. oct. 1984 )
500 _aCatalogación basada en : Año 2. no. 4 (sep. oct. 1984 )
650 4 _aLiteratura literatura
_vPUBLICACIONES PERIÓDICAS
_zRepública Dominicana
_964009
999 _c37037
_d37037